Podpora malých a stredných podnikov zo štrukturálnych fondov EÚ v regióne (aplikácia na konkrétnom regióne NUTS 3) diplomová práca

Uložené v:
Podrobná bibliografia
Hlavný autor: Hillová, Hana
Korporativný autor: Národohospodárska fakulta EU. Katedra verejnej správy a regionálneho rozvoja
Ďalší autori: Ivaničková, Alžbeta
Médium: Kniha
Jazyk:Slovak
Vydavateľské údaje: Bratislava 2011
Tagy: Pridať tag
Žiadne tagy, Buďte prvý, kto otaguje tento záznam!

MARC

LEADER 00000nam a2200000 4500
001 0148353
005 20240318124803.1
041 0 |a slo 
044 |a SK 
245 1 0 |a Podpora malých a stredných podnikov zo štrukturálnych fondov EÚ v regióne (aplikácia na konkrétnom regióne NUTS 3)  |b diplomová práca  |c Hana Hillová ; školiteľ: Alžbeta Ivaničková 
264 1 |a Bratislava  |c 2011 
300 |a 65 s. 
100 1 |a Hillová, Hana 
700 1 |a Ivaničková, Alžbeta 
710 2 |a Národohospodárska fakulta EU. Katedra verejnej správy a regionálneho rozvoja